Jednotná celní deklarace

Salvato in:
Dettagli Bibliografici
Autore principale: Bečák, Bedřich
Natura: Libro
Lingua:ceco
Pubblicazione: Opava Bes 1991
Edizione:1. vyd.
Soggetti:
Tags: Aggiungi Tag
Nessun Tag, puoi essere il primo ad aggiungerne!!

MARC

LEADER 00000nam a2200000 4500
001 c000967
005 20221214093917.8
020 |a 80-900947-2-4 
041 0 |a cze 
044 |a CZ 
245 1 0 |a Jednotná celní deklarace  |c Bedřich Bečák 
250 |a 1. vyd. 
264 1 |a Opava  |b Bes  |c 1991 
300 |a 69 s. 
610 2 0 |a clá 
610 2 0 |a vyhlášky 
610 2 0 |a ČSFR 
610 2 0 |a parlamenty 
610 2 0 |a kódy 
610 2 0 |a štatistika 
610 2 0 |a dovoz 
610 2 0 |a vývoz 
610 2 0 |a obchod zahraničný 
610 2 0 |a Európske spoločenstvá 
100 1 |a Bečák, Bedřich